[Event "FRM-ch U14"]
[Site "Strumica"]
[Date "2024.06.24"]
[Round "2"]
[White "Radonjanin, Nikola"]
[Black "Spasov, Igor Aleksandar"]
[Result "1/2-1/2"]
[WhiteElo "1801"]
[BlackElo "1653"]
[PlyCount "97"]
[EventDate "2024.06.23"]
[EventType "swiss"]
[EventRounds "8"]
[EventCountry "MKD"]
[SourceTitle "EXT 2025"]
[Source "ChessBase"]
[SourceDate "2024.10.14"]
[SourceVersion "1"]
[SourceVersionDate "2024.10.14"]
[SourceQuality "1"]

1. Nc3 d5 2. d4 c6 3. Bf4 Nf6 4. e3 Bf5 5. Bd3 Bxd3 6. cxd3 e6 7. Nf3 Bd6 8. Ne5 0-0 9. 0-0 Qc7 10. Rc1 a6 11. Bg3 Nbd7 12. f4 c5 13. Na4 b6 14. Rf2 Qb7 15. Qb3 cxd4 16. exd4 Rac8 17. Rfc2 Bxe5 18. dxe5 Ng4 19. Bf2 b5 20. Nc5 Qa7 21. Ne4 Rxc2 22. Qxc2 Nxf2 23. Nxf2 Qe3 24. g3 Qf3 25. Qc6 Nb8 26. Qb7 h5 27. Rc8 Rxc8 28. Qxc8+ Kh7 29. Qxb8 h4 30. Qd8 hxg3 31. Qh4+ Kg8 32. Qxg3 Qe2 33. Ng4 Kf8 34. h4 Qd1+ 35. Kg2 Qc2+ 36. Qf2 Qxd3 37. Ne3 d4 38. Nf1 Qe4+ 39. Qf3 Qc2+ 40. Qf2 d3 41. Qd2 Qc6+ 42. Kf2 Qc5+ 43. Kf3 Ke7 44. Qxd3 Qc1 45. b3 Qc6+ 46. Ke3 Qc1+ 47. Ke4 Qc6+ 48. Kd4 Qb6+ 49. Kc3 1/2-1/2

[Event "FRM-ch U14"]
[Site "Strumica"]
[Date "2024.06.24"]
[Round "3"]
[White "Spasov, Igor Aleksandar"]
[Black "Misheski, Pavel"]
[Result "1-0"]
[WhiteElo "1653"]
[BlackElo "1563"]
[PlyCount "65"]
[EventDate "2024.06.23"]
[EventType "swiss"]
[EventRounds "8"]
[EventCountry "MKD"]
[SourceTitle "EXT 2025"]
[Source "ChessBase"]
[SourceDate "2024.10.14"]
[SourceVersion "1"]
[SourceVersionDate "2024.10.14"]
[SourceQuality "1"]

1. d4 Nf6 2. c4 g6 3. Nc3 Bg7 4. e4 d6 5. Nf3 0-0 6. Be2 Re8 7. 0-0 b6 8. Be3 Bb7 9. Qc2 e5 10. d5 Nbd7 11. b4 Rc8 12. Rfd1 c5 13. dxc6 Rxc6 14. b5 Rc7 15. Rxd6 Bf8 16. Rd2 Bb4 17. Rad1 Bxc3 18. Qxc3 Nxe4 19. Qb2 Qe7 20. a4 Ndc5 21. a5 Nd6 22. axb6 axb6 23. Nxe5 Qxe5 24. Qxe5 Rxe5 25. Rxd6 Re6 26. R1d2 Rc8 27. Rxe6 fxe6 28. Rd6 Ra8 29. h3 Ra1+ 30. Kh2 Ra2 31. Bg4 Kf7 32. Rxb6 Ne4 33. Rxb7+ 1-0

[Event "FRM-ch U14"]
[Site "Struga"]
[Date "2023.06.18"]
[Round "2"]
[White "Kavazov, Kristijan"]
[Black "Spasov, Igor Aleksandar"]
[Result "0-1"]
[WhiteElo "1165"]
[BlackElo "1368"]
[PlyCount "106"]
[EventDate "2023.06.17"]
[EventType "swiss"]
[EventRounds "9"]
[EventCountry "MKD"]
[SourceTitle "EXT 2024"]
[Source "ChessBase"]
[SourceDate "2023.10.10"]
[SourceVersion "1"]
[SourceVersionDate "2023.10.10"]
[SourceQuality "1"]

1. e4 c6 2. Nf3 d5 3. Nc3 dxe4 4. Nxe4 Nd7 5. Qe2 e6 6. g3 Ngf6 7. Nxf6+ Nxf6 8. Bg2 Bd6 9. 0-0 0-0 10. b3 Nd5 11. Bb2 f6 12. c4 Nc7 13. d4 Re8 14. c5 Bf8 15. Qc4 Nd5 16. Nd2 Qc7 17. Bxd5 exd5 18. Qd3 Bh3 19. Rfe1 Qd7 20. f4 g6 21. Nf3 Bh6 22. Rxe8+ Rxe8 23. Re1 Rxe1+ 24. Nxe1 Qe6 25. Ng2 Qg4 26. Ne1 Bxf4 27. Qf3 Qxf3 28. Nxf3 Be3+ 29. Kh1 Kf7 30. Ng1 Bf5 31. Kg2 Be4+ 32. Kf1 f5 33. Nh3 Kf6 34. Ke2 Bh6 35. Nf2 Bg2 36. Nd3 Be4 37. Ne5 Ke6 38. b4 f4 39. g4 Bg7 40. Nf3 h5 41. gxh5 gxh5 42. h4 Kf5 43. Ne5 Bf6 44. a4 a6 45. Nf3 Bxf3+ 46. Kxf3 Bxh4 47. Bc3 Bg3 48. Bd2 h4 49. b5 axb5 50. a5 h3 51. a6 bxa6 52. Bxf4 Bxf4 53. Kf2 b4 0-1

[Event "Struga Lake Queen U14 op"]
[Site "Struga"]
[Date "2022.09.11"]
[Round "7"]
[White "Ndreko, Ailin"]
[Black "Spasov, Igor Aleksandar"]
[Result "1-0"]
[WhiteElo "1163"]
[BlackElo "1321"]
[PlyCount "83"]
[EventDate "2022.09.07"]
[EventType "swiss"]
[EventRounds "7"]
[EventCountry "MKD"]
[SourceTitle "EXT 2023"]
[Source "ChessBase"]
[SourceDate "2022.10.05"]
[SourceVersion "1"]
[SourceVersionDate "2022.10.05"]
[SourceQuality "1"]

1. e4 c6 2. d4 d5 3. exd5 cxd5 4. Bd3 Nc6 5. c3 Nf6 6. Bf4 g6 7. h3 Bg7 8. Nf3 0-0 9. 0-0 Re8 10. Re1 Qb6 11. Qc2 Bd7 12. Nbd2 Rac8 13. Nb3 Nb4 14. Qd2 Nxd3 15. Qxd3 Bf5 16. Qe3 Nd7 17. Rac1 a5 18. Nh4 Be6 19. Rc2 a4 20. Nd2 Qa5 21. Ndf3 Nb6 22. Ng5 Nc4 23. Qf3 Rf8 24. Nxe6 fxe6 25. Qg4 Rc6 26. Bg5 Bf6 27. Bh6 Bg7 28. Bxg7 Kxg7 29. Rxe6 Rxe6 30. Qxe6 Rf7 31. Re2 Nxb2 32. Rxb2 Qxc3 33. Qe5+ Kg8 34. Rxb7 Qc1+ 35. Kh2 Rxf2 36. Rb8+ Kf7 37. Qxd5+ e6 38. Qd7+ Kf6 39. Rf8+ Kg5 40. Rxf2 Kxh4 41. Qxh7+ Kg5 42. h4+ 1-0

[Event "Struga Lake Queen U14 op"]
[Site "Struga"]
[Date "2022.09.08"]
[Round "3"]
[White "Nikolovski, Mihail"]
[Black "Spasov, Igor Aleksandar"]
[Result "1/2-1/2"]
[WhiteElo "1211"]
[BlackElo "1321"]
[PlyCount "34"]
[EventDate "2022.09.07"]
[EventType "swiss"]
[EventRounds "7"]
[EventCountry "MKD"]
[SourceTitle "EXT 2023"]
[Source "ChessBase"]
[SourceDate "2022.10.05"]
[SourceVersion "1"]
[SourceVersionDate "2022.10.05"]
[SourceQuality "1"]

1. e4 c6 2. d4 d5 3. e5 Bf5 4. Nf3 e6 5. Bd3 Bxd3 6. Qxd3 Nd7 7. 0-0 Ne7 8. Bg5 Qc7 9. Re1 Nf5 10. Nbd2 c5 11. c4 h6 12. Bf4 Ne7 13. Rac1 dxc4 14. Nxc4 Nd5 15. Be3 b6 16. a3 Qb8 17. Qb3 a6 1/2-1/2

[Event "Ohrid Lasker U20 op"]
[Site "Ohrid"]
[Date "2019.10.12"]
[Round "5"]
[White "Spasov, Igor Aleksandar"]
[Black "Kaleshi, Patrik"]
[Result "0-1"]
[WhiteElo "1091"]
[BlackElo "1133"]
[PlyCount "58"]
[EventDate "2019.10.10"]
[EventType "swiss"]
[EventRounds "7"]
[EventCountry "MKD"]
[SourceTitle "CBM 192 Extra"]
[Source "Chessbase"]
[SourceDate "2019.11.06"]
[SourceVersion "1"]
[SourceVersionDate "2019.11.06"]
[SourceQuality "1"]

1. e4 e5 2. Nf3 Nc6 3. Bc4 Nf6 4. Nc3 Be7 5. d3 d6 6. h3 0-0 7. Be3 Na5 8. Bb3 Nxb3 9. axb3 h6 10. Qd2 Kh7 11. 0-0 Be6 12. d4 Nxe4 13. Nxe4 f5 14. Qd3 fxe4 15. Qxe4+ Bf5 16. Qd5 c6 17. Qc4 Bxh3 18. Qd3+ Bf5 19. Qc3 e4 20. Nd2 d5 21. Qa5 Qd6 22. c4 Bd8 23. Qc3 Bc7 24. g3 Bh3 25. Rfc1 Qg6 26. Kh2 Qh5 27. Kg1 Qg4 28. Kh2 Qh4 29. Rg1 Bf1# 0-1

[Event "Ohrid Lasker U20 op"]
[Site "Ohrid"]
[Date "2018.10.14"]
[Round "7"]
[White "Spasov, Igor Aleksandar"]
[Black "Djokic, Milica"]
[Result "1/2-1/2"]
[WhiteElo "1289"]
[BlackElo "1016"]
[PlyCount "34"]
[EventDate "2018.10.11"]
[EventType "swiss"]
[EventRounds "7"]
[EventCountry "MKD"]
[SourceTitle "CBM 186 Extra"]
[Source "ChessBase"]
[SourceDate "2018.08.24"]
[SourceVersion "1"]
[SourceVersionDate "2018.08.24"]
[SourceQuality "1"]

1. e4 c5 2. Nf3 g6 3. Nc3 Bg7 4. Bc4 Nc6 5. d3 d6 6. h3 Nf6 7. Be3 0-0 8. 0-0 e6 9. Bb3 Rb8 10. d4 cxd4 11. Nxd4 a6 12. a4 Nxd4 13. Bxd4 b6 14. f4 Bb7 15. Qd3 d5 16. e5 Nd7 17. Rad1 Re8 1/2-1/2